Neil Cicierega and/or Weird Al Yankovic? - Statistics

General Stats
  • This quiz has been taken 18 times
  • The average score is 24 of 50
Answer Stats
Question Answer % Correct
You Belong With Me - Taylor Swift Weird Al Yankovic
89%
Let It Be - The Beatles Neil Cicierega
78%
Cloudbusting - Kate Bush Neil Cicierega
78%
Waterfalls - TLC Weird Al Yankovic
78%
American Idiot - Green Day Weird Al Yankovic
78%
Like a Virgin - Madonna Weird Al Yankovic
78%
I Think We're Alone Now - Tiffany Weird Al Yankovic
78%
I Want a New Drug - Huey Lewis and The News Weird Al Yankovic
78%
Runnin' with the Devil - Van Halen Neil Cicierega
67%
Kiss - Prince Neil Cicierega
67%
All Star - Smash Mouth Neil Cicierega
67%
Vampire - Olivia Rodrigo Weird Al Yankovic
67%
Ice Ice Baby - Vanilla Ice Weird Al Yankovic
67%
Ridin' - Chamillionaire, Krayzie Bone Weird Al Yankovic
67%
Bananaphone - Raffi Neil Cicierega
56%
Stacy's Mom - Fountains of Wayne Neil Cicierega
56%
Never There - Cake Neil Cicierega
56%
Purple Haze - The Jimi Hendrix Experience Neil Cicierega
56%
And She Was - Talking Heads Neil Cicierega
56%
Who Put The Bomp - Barry Mann Neil Cicierega
56%
Magic Dance - David Bowie Neil Cicierega
56%
Livin' on the Edge - Aerosmith Weird Al Yankovic
56%
Burning Down The House - Talking Heads Weird Al Yankovic
56%
Sharp Dressed Man - ZZ Top Weird Al Yankovic
56%
Eye of the Tiger - Survivor Both
44%
My Lovin' - En Vogue Neil Cicierega
44%
Roxanne - The Police Neil Cicierega
44%
Who Let The Dogs Out? - Baha Men Neil Cicierega
44%
Welcome to the Black Parade - My Chemical Romance Neil Cicierega
44%
You Can Call Me Al - Paul Simon Neil Cicierega
44%
Party All The Time - Eddie Murphy Weird Al Yankovic
44%
Another One Bites the Dust - Queen Weird Al Yankovic
44%
Bohemian Rhapsody - Queen Weird Al Yankovic
44%
Take Me Out - Franz Ferdinand Weird Al Yankovic
44%
Walkin' on the Sun - Smash Mouth Both
33%
Float On - Modest Mouse Both
33%
The Real Slim Shady - Eminem Weird Al Yankovic
33%
Party In The U.S.A. - Miley Cyrus Both
22%
Basket Case - Green Day Both
22%
Macarthur Park - Richard Harris Both
22%
Nasty - Janet Jackson Both
22%
Best Song Ever - One Direction Both
22%
Bullet with Butterfly Wings - The Smashing Pumpkins Both
22%
Baby Don't Forget My Number - Milli Vanilli Both
22%
Love Shack - The B-52's Both
22%
Pokérap - from Pokémon Both
22%
Jocko Homo - DEVO Both
11%
One Week - Barenaked Ladies Both
11%
Got My Mind Set on You - George Harrison Both
11%
She Drives Me Crazy - Fine Young Cannibals Both
11%
No matching quizzes found
Score Distribution
Percent of People with Each Score
Percentile by Number Answered
Your Score History
You have not taken this quiz